| 000 | 00853cam a2200229 4500 | ||
|---|---|---|---|
| 001 | L158073 | ||
| 008 | 051213n2014 000 0 eng u | ||
| 020 | _a978184806357 | ||
| 035 | _a(Sirsi) u158073 | ||
| 041 | 0 | _aeng | |
| 050 | 0 | 4 | _a693.834 $2 18 |
| 100 | 1 | _aTimmins, Gary | |
| 245 | 0 | 0 |
_aSound insulation in dwellings _bPart 1 _bAn introduction |
| 260 |
_aLondon _bBRE _c2014 |
||
| 300 |
_a12p _c30cm |
||
| 490 | 0 |
_aBRE Good Building Guide _vGG83-1 |
|
| 520 | _aProvides practical guidance on understanding the requirements of national building regulations concerning the provision of sound insulation in dwellings. Part 1 explains the importance of providing good sound insulation between and within homes. | ||
| 651 | 4 |
_aUnited Kingdom _y |
|
| 690 | _aBUILT ENVIRONMENT-CONSTRUCTION DESIGN-ACOUSTICS | ||
| 700 | 1 | _aWest, Ian | |
| 942 | _n0 | ||
| 999 |
_c115123 _d115123 |
||